000 00410cam9a220016900 4500
001 tmp15754008
003 UPRA
005 20190819092050.0
008 951020s1991 xx eng u
035 _a(Sirsi) r41921
035 _a(UPRA)tmp15754008
040 _cUPRA
245 0 0 _aBiotechnology for energy.
260 _c1991.
949 _aHD9999
_wlcc
_i-51033
_mMAIN
_p2500
_tBOOK
_lON-SHELF
004 41921
999 _c96420
_d96420